000 00319nam a2200133Ia 4500
008 260604s9999 xx 000 0 und d
020 _a9780674241190
082 _a302.23 BUL
100 _aDALIOT-BUL, MIC
_935235
245 0 _aTHE ANIME BOOM IN THE UNITED STATES
260 _bHBR
500 _aFinancial
942 _cBK
999 _c7999
_d7999